LEADER 01072nam0-22003491i-450- 001 990006841570403321 005 20051109150626.0 035 $a000684157 035 $aFED01000684157 035 $a(Aleph)000684157FED01 035 $a000684157 100 $a20010426d1996----km-y0itay50------ba 101 0 $aita 102 $aIT 105 $ay---n---001yy 200 1 $a"Veneta auctoritate notarius"$estoria del notariato veneziano 1514-1797$fMaria Pia Pedani Fabris 210 $aMilano$cA. Giuffrè$d1996 215 $aXX, 221 p.$c[12] c. tav.$d23 cm 225 1 $aStudi storici sul notariato italiano$v10 300 $aIn testa al front.: Consiglio nazionale del notariato 676 $a347.4$v21$zita 700 1$aPedani Fabris,$bMaria pia$0252906 801 0$aIT$bUNINA$gRICA$2UNIMARC 901 $aBK 912 $a990006841570403321 952 $aCOLLEZ. 1686 (10)$b29685$fFSPBC 952 $aN05.808$b9921$fDECTS 952 $aVI L 977$b4559$fDDA 959 $aFSPBC 959 $aDDA 996 $aVeneta auctoritate notarius$9167381 997 $aUNINA LEADER 00931nam0-2200301 --450 001 9910315455803321 005 20190417135133.0 010 $a0521623685 100 $a20190417d1999----kmuy0itay5050 ba 101 2 $agrc$aeng 102 $aGB 105 $a 001yy 200 1 $aClitophon$fPlato$gedited with an introduction, translation and commentary by S. R. Slings 210 $aCambridge$cCambridge University press$d1999 215 $aXV, 360 p.$d23 cm 225 1 $aCambridge classical texts and commentaries$v37 300 $aTrad. inglese a fronte. 500 10$aClitophon$m$919164 676 $a184$v21 700 0$aPlato$0292329 702 1$aSlings,$bSimon Roelof 801 0$aIT$bUNINA$gREICAT$2UNIMARC 901 $aBK 912 $a9910315455803321 952 $aP2B 600 C.C.T.C. PLATO 433A 1999$bBIBL. 2019$fFLFBC 959 $aFLFBC 996 $aClitophon$919164 997 $aUNINA